Zahraničný obchod ekonomiky SR v procese tranzície

Pohľad na makroekonomický vývoj a transformáciu slovenskej ekonomiky. Stupeň otvorenosti vybraných transformujúcich sa krajín. Zahraničný obchod ako významný faktor ekonomického rastu. Negatívne črty slovenského zahraničného obchodu. Podiel podnikov so zahraničnou účasťou na zahraničnom obchode. Kon...

Descripción completa

Guardado en:
Detalles Bibliográficos
Autor principal: Farkašovská, Mária
Formato: Capítulo de libro
Lenguaje:eslovaco
Materias:
Etiquetas: Agregar Etiqueta
Sin Etiquetas, Sea el primero en etiquetar este registro!

MARC

LEADER 00000naa a2200000 4500
001 r047247
005 20230929093138.9
041 0 |a slo 
044 |a CZ 
245 1 0 |a Zahraničný obchod ekonomiky SR v procese tranzície  |c Mária Farkašovská 
520 |a Pohľad na makroekonomický vývoj a transformáciu slovenskej ekonomiky. Stupeň otvorenosti vybraných transformujúcich sa krajín. Zahraničný obchod ako významný faktor ekonomického rastu. Negatívne črty slovenského zahraničného obchodu. Podiel podnikov so zahraničnou účasťou na zahraničnom obchode. Konkurencieschopnosť skupín výrob podľa vybraných ukazovateľov. Vývoj výmenných relácií slovenského priemyslu. 
610 2 0 |a vývoj hospodársky 
610 2 0 |a transformácia 
610 2 0 |a reštrukturalizácia 
610 2 0 |a obchod zahraničný 
610 2 0 |a konkurencieschopnosť 
610 2 0 |a Slovensko 
100 1 |a Farkašovská, Mária